Indicadores econm̤icos de seguridad y soberana̕ alimentaria, actividad productiva y paridad urbana-rural

Detalles Bibliográficos
Formato: eBook
Lenguaje:español
Publicado: Ciudad de Mx̌ico: Cm̀ara de Diputados, 2007
Materias:
Acceso en línea:Acceso restringido

MARC

LEADER 00000nam a22000007a 4500
005 20170822233422.0
007 cr|||| ||||
008 170822s2007 mx |||||s||||f00||0 spa d
035 |a 20418 
040 |a vLex 
090 |c 6838  |d 6838 
245 0 0 |a Indicadores econm̤icos de seguridad y soberana̕ alimentaria, actividad productiva y paridad urbana-rural  |h [Recurso electrn̤ico] / 
256 |a Servicio en ln̕ea 
260 |a Ciudad de Mx̌ico:  |b Cm̀ara de Diputados,  |c 2007 
300 |a 1 recurso electrn̤ico 
500 |a El CEDRSSA tiene como una de sus tareas principales, generar un Sistema de Indicadores tčnicos, econm̤icos, sociales y ambientales del medio rural, que d ̌paso a la creacin̤ de un Índice Nacional de Desarrollo Rural Sustentable, comparable con los pas̕es socios comerciales y que permita a los Diputados Federales tomar las mejores decisiones sobre este sector. La primera etapa de esta gran encomienda, desarrollada en colaboracin̤ con el Colegio de Postgraduados en Ciencias Agrc̕olas, se presenta en este libro, en particular sobre Indicadores Econm̤icos de Seguridad y Soberana̕ Alimentaria, Actividad Productiva y Paridad Urbana-Rural. El estudio Indicadores econm̤icos de seguridad y soberana̕ alimentaria, actividad productiva y pardidad urbana-rural forma parte de la Coleccin̤ Estudios e Investigaciones, producto del ambicioso programa editorial y de divulgacin̤ de materiales sobre desarrollo rural sustentable y soberana̕ alimentaria generados por el Centro de Estudios para el Desarrollo Rural Sustentable y la Soberana̕ Alimentaria (CEDRSSA) de la Honorable Cm̀ara de Diputados, en conjuncin̤ con universidades, institutos y consultores que integran la Red Acadm̌ica de Colaboracin̤ en Estudios Rurales (RACER). 
506 1 |a Disponible solo en los productos indicados  |d vLex Global  |d vLex Global (Academic Edition, excluding Law Schools)  |d vLex Global (U.S. Academic Edition, Law Schools)  |d vLex Global (U.S. Academic Edition, excluding Law Schools)  |d vLex Global (Academic Edition, Law Schools) 
650 0 4 |a Derecho Mercantil y de la Empresa  |z Mx̌ico 
650 0 4 |a Derecho Pb︢lico y Administrativo  |z Mx̌ico 
740 0 |a vLex Libros (Servicio en ln̕ea) 
856 4 0 |u http://vlex.com/source/indicadores-economicos-de-seguridad-y-soberania-alimentaria-actividad-productiva-y-paridad-urbana-rural-20418  |z Acceso restringido 
942 |c BOOK 
999 0 |a Commercial and Company Law 
999 0 |a Public and Administrative Law